<?xml version="1.0" encoding="UTF-8"?>
<record
    xmlns:xsi="http://www.w3.org/2001/XMLSchema-instance"
    xsi:schemaLocation="http://www.loc.gov/MARC21/slim http://www.loc.gov/standards/marcxml/schema/MARC21slim.xsd"
    xmlns="http://www.loc.gov/MARC21/slim">

  <leader>02090cam a22004574a 4500</leader>
  <datafield tag="999" ind1=" " ind2=" ">
    <subfield code="c">58302</subfield>
    <subfield code="d">58302</subfield>
  </datafield>
  <controlfield tag="001">12388263</controlfield>
  <controlfield tag="005">20211101175032.0</controlfield>
  <controlfield tag="008">010423s2001    enk      b    001 0 eng  </controlfield>
  <datafield tag="010" ind1=" " ind2=" ">
    <subfield code="a">  2001033418</subfield>
  </datafield>
  <datafield tag="020" ind1=" " ind2=" ">
    <subfield code="a">0471495174 (alk. paper)</subfield>
  </datafield>
  <datafield tag="040" ind1=" " ind2=" ">
    <subfield code="a">DLC</subfield>
    <subfield code="c">DLC</subfield>
    <subfield code="d">DLC</subfield>
  </datafield>
  <datafield tag="041" ind1=" " ind2=" ">
    <subfield code="a">eng</subfield>
  </datafield>
  <datafield tag="042" ind1=" " ind2=" ">
    <subfield code="a">pcc</subfield>
  </datafield>
  <datafield tag="050" ind1="0" ind2="0">
    <subfield code="a">Q325.5</subfield>
    <subfield code="b">.M36 2001</subfield>
  </datafield>
  <datafield tag="080" ind1=" " ind2=" ">
    <subfield code="a">00+620.3+53+577 M-15</subfield>
  </datafield>
  <datafield tag="082" ind1="0" ind2="0">
    <subfield code="2">21</subfield>
  </datafield>
  <datafield tag="100" ind1="1" ind2=" ">
    <subfield code="a">Mandic, Danilo P.</subfield>
    <subfield code="9">12784</subfield>
  </datafield>
  <datafield tag="245" ind1="1" ind2="0">
    <subfield code="a">Recurrent neural networks for prediction :</subfield>
    <subfield code="b">learning algorithms, architectures, and stability /</subfield>
    <subfield code="c">Danilo P. Mandic, Jonathon A. Chambers.</subfield>
  </datafield>
  <datafield tag="260" ind1=" " ind2=" ">
    <subfield code="a">Chichester ;</subfield>
    <subfield code="a">New York :</subfield>
    <subfield code="b">John Wiley,</subfield>
    <subfield code="c">c2001.</subfield>
  </datafield>
  <datafield tag="300" ind1=" " ind2=" ">
    <subfield code="a">xxi, 285 p. :</subfield>
    <subfield code="b">ill. ;</subfield>
    <subfield code="c">26 cm.</subfield>
  </datafield>
  <datafield tag="490" ind1="1" ind2=" ">
    <subfield code="a">Wiley series in adaptive and learning systems for signal processing, communications, and control</subfield>
  </datafield>
  <datafield tag="504" ind1=" " ind2=" ">
    <subfield code="a">Includes bibliographical references (p. [267]-280) and index.</subfield>
  </datafield>
  <datafield tag="650" ind1=" " ind2="0">
    <subfield code="a">Machine learning.</subfield>
    <subfield code="9">12785</subfield>
  </datafield>
  <datafield tag="650" ind1=" " ind2="0">
    <subfield code="a">Neural networks (Computer science)</subfield>
    <subfield code="9">12786</subfield>
  </datafield>
  <datafield tag="653" ind1=" " ind2=" ">
    <subfield code="a">Recurrent neural Networks for prediction</subfield>
  </datafield>
  <datafield tag="653" ind1=" " ind2=" ">
    <subfield code="a">&#x10E1;&#x10D0;&#x10D8;&#x10DC;&#x10DF;&#x10D8;&#x10DC;&#x10E0;&#x10DD; &#x10E1;&#x10D0;&#x10E5;&#x10DB;&#x10D4;</subfield>
  </datafield>
  <datafield tag="653" ind1=" " ind2=" ">
    <subfield code="a">&#x10E1;&#x10D0;&#x10D8;&#x10DC;&#x10E4;&#x10DD;&#x10E0;&#x10DB;&#x10D0;&#x10EA;&#x10D8;&#x10DD; &#x10E2;&#x10D4;&#x10E5;&#x10DC;&#x10DD;&#x10DA;&#x10DD;&#x10D2;&#x10D8;&#x10D4;&#x10D1;&#x10D8;</subfield>
  </datafield>
  <datafield tag="653" ind1=" " ind2=" ">
    <subfield code="a">&#x10E4;&#x10D8;&#x10D6;&#x10D8;&#x10D9;&#x10D0;</subfield>
  </datafield>
  <datafield tag="653" ind1=" " ind2=" ">
    <subfield code="a">&#x10DB;&#x10DD;&#x10DA;&#x10D4;&#x10D9;&#x10E3;&#x10DA;&#x10E3;&#x10E0;&#x10D8; &#x10D1;&#x10D8;&#x10DD;&#x10DA;&#x10DD;&#x10D2;&#x10D8;&#x10D0;</subfield>
  </datafield>
  <datafield tag="653" ind1=" " ind2=" ">
    <subfield code="a">&#x41C;&#x43E;&#x43B;&#x435;&#x43A;&#x443;&#x43B;&#x44F;&#x440;&#x43D;&#x430;&#x44F; &#x431;&#x438;&#x43E;&#x43B;&#x43E;&#x433;&#x438;&#x44F;</subfield>
  </datafield>
  <datafield tag="653" ind1=" " ind2=" ">
    <subfield code="a">&#x424;&#x438;&#x437;&#x438;&#x43A;&#x430;</subfield>
  </datafield>
  <datafield tag="653" ind1=" " ind2=" ">
    <subfield code="a">&#x418;&#x43D;&#x436;&#x435;&#x43D;&#x435;&#x440;&#x43D;&#x43E;&#x435; &#x434;&#x435;&#x43B;&#x43E;</subfield>
  </datafield>
  <datafield tag="653" ind1=" " ind2=" ">
    <subfield code="a">&#x418;&#x43D;&#x444;&#x43E;&#x440;&#x43C;&#x430;&#x446;&#x438;&#x43E;&#x43D;&#x43D;&#x44B;&#x435; &#x442;&#x435;&#x445;&#x43D;&#x43E;&#x43B;&#x43E;&#x433;&#x438;&#x438;</subfield>
  </datafield>
  <datafield tag="700" ind1="1" ind2=" ">
    <subfield code="a">Chambers, Jonathon A.</subfield>
    <subfield code="9">12787</subfield>
  </datafield>
  <datafield tag="830" ind1=" " ind2="0">
    <subfield code="a">Adaptive and learning systems for signal processing, communications, and control.</subfield>
    <subfield code="9">12788</subfield>
  </datafield>
  <datafield tag="856" ind1="4" ind2="2">
    <subfield code="3">Publisher description</subfield>
    <subfield code="u">http://www.loc.gov/catdir/description/wiley035/2001033418.html</subfield>
  </datafield>
  <datafield tag="856" ind1="4" ind2=" ">
    <subfield code="3">Table of Contents</subfield>
    <subfield code="u">http://www.loc.gov/catdir/toc/onix06/2001033418.html</subfield>
  </datafield>
  <datafield tag="906" ind1=" " ind2=" ">
    <subfield code="a">7</subfield>
    <subfield code="b">cbc</subfield>
    <subfield code="c">orignew</subfield>
    <subfield code="d">1</subfield>
    <subfield code="e">ocip</subfield>
    <subfield code="f">20</subfield>
    <subfield code="g">y-gencatlg</subfield>
  </datafield>
  <datafield tag="942" ind1=" " ind2=" ">
    <subfield code="2">udc</subfield>
    <subfield code="c">BK</subfield>
  </datafield>
  <datafield tag="955" ind1=" " ind2=" ">
    <subfield code="a">to ASCD pc05 04-23-01; jp25 04-25-01 to subj; jp99 to SL 04-26-01; jp85 to Dewey 04-28-01; aa01 04-30-01</subfield>
    <subfield code="a">ps16 2001-10-10 bk rec'd, to CIP ver.</subfield>
    <subfield code="a">jp00 2001-10-15</subfield>
  </datafield>
  <datafield tag="952" ind1=" " ind2=" ">
    <subfield code="0">0</subfield>
    <subfield code="1">0</subfield>
    <subfield code="2">udc</subfield>
    <subfield code="4">0</subfield>
    <subfield code="6">00620353577_M15</subfield>
    <subfield code="7">0</subfield>
    <subfield code="9">91031</subfield>
    <subfield code="a">CPL</subfield>
    <subfield code="b">CPL</subfield>
    <subfield code="d">2021-11-01</subfield>
    <subfield code="g">462.00</subfield>
    <subfield code="o">00+620.3+53+577 M-15</subfield>
    <subfield code="p">55302</subfield>
    <subfield code="r">2021-11-01</subfield>
    <subfield code="t">55302</subfield>
    <subfield code="w">2021-11-01</subfield>
    <subfield code="y">BK</subfield>
    <subfield code="z">462.00 GEL.</subfield>
  </datafield>
</record>
